00830nam a22002177a 4500003000400000005001700004008004100021020001500062040000700077100002400084245010800108250002400216260003500240300002100275505015600296650002700452650002300479650002100502700003700523710005200560OSt20181018073525.0180226b xxu||||| |||| 00| 0 spa d a9502002490 cPJ aMagalhaes, Mario de10aTasa de justicia :bley Nº 21.859 /cMario de Magalhaes; con la colaboración de Ernesto C. Linares.  a2a. ed. act. y amp. aBuenos Aires :bAstrea,c1995. a101 p. ;c23 cm. aContenido: Comentario - Doctrina - Jurisprudencia de la Ley Nº 21.859. Textos y breves acotaciones de la Ley Nº 9783 de la provincia de Buenos Aires. 0aDERECHO PROCESAL CIVIL 0aGASTOS DEL PROCESO 0aTASA DE JUSTICIA aLinares, Ernesto C.ecolaborador aArgentina. Leyes, decretos, etc. Ley nº 21.859